Visualizzazione normale
Vista MARC
- Thomas de Celano,
di Personal Name
Records bibliografici associati: 1
001 - CONTROL NUMBER
- control field: 56985
003 - CONTROL NUMBER IDENTIFIER
- control field:
005 - DATE AND TIME OF LATEST TRANSACTION
- control field: 20180505154405.0
008 - FIXED-LENGTH DATA ELEMENTS
- fixed length control field: 180505|| aca||aabn | a|a d
040 ## - CATALOGING SOURCE
- Original cataloging agency:
- Transcribing agency:
100 ## - HEADING--PERSONAL NAME
- Personal name: Thomas de Celano,
- Titles and other words associated with a name: b.,
- Dates associated with a name: ca.1190-1260.
670 ## - SOURCE DATA FOUND
- Source citation: Work cat.: ()0: Thomas de Celano, b., ca.1190-1260., Trattato dei miracoli /, ©2015.